Questioning and interrogation: (Record no. 193713)

MARC details
000 -LEADER
fixed length control field 00611nam a22001817a 4500
005 - DATE AND TIME OF LATEST TRANSACTION
control field 20221110115934.0
010 ## - LCCN (DPL NO)
LC control number ENG-135659
020 ## - INTERNATIONAL STANDARD BOOK NUMBER
International Standard Book Number 9788191060782
Terms of availability 595.00
035 ## - SYSTEM CONTROL NUMBER
System control number EN-119191
037 ## - SOURCE OF ACQUISITION
Source of stock number/acquisition DBAD/PUB
082 ## - DEWEY DECIMAL CLASSIFICATION NUMBER
Classification number 363.2540954
100 ## - MAIN ENTRY--PERSONAL NAME
Personal name Uday Kumar
245 ## - TITLE STATEMENT
Title Questioning and interrogation:
Remainder of title an art of extracting the truth/
Statement of responsibility, etc by Uday Kumar
260 ## - PUBLICATION, DISTRIBUTION, ETC. (IMPRINT)
Place of publication, distribution, etc Sangam Vihar
Name of publisher, distributor, etc Lucky Internaional
Date of publication, distribution, etc 2017
270 ## - ADDRESS
Address H-16/1922, Sangam Vihar
City New Delhi
Postal code 110080
Telephone number 9871911248
Electronic mail address luckybk05@yahoo.co.in
300 ## - PHYSICAL DESCRIPTION
Extent 196p.
Dimensions 23cm(hbk)
Other physical details Bibliography
942 ## - ADDED ENTRY ELEMENTS (KOHA)
Source of classification or shelving scheme Dewey Decimal Classification
Item type English Books
Call number suffix UDA
Classification part 363.2540954
Holdings
Withdrawn status Lost status Not for loan Collection code Home library Current library Date acquired Source of acquisition Cost, normal purchase price Full call number Barcode Copy number Cost, replacement price Koha item type
      Non-fiction Kasturba Gandhi Marg Kasturba Gandhi Marg 10/11/2022 DBAD/PUB 595.00 363.2540954 UDA EN-119191 1 595.00 English Books

© Delhi Public Library
Hit Counter
free hit counter